000 00629nam a2200241Ia 4500
001 482
005 20240113233416.0
007 ta
008 050118s1994 a g b000 u eng u
020 _cHB
040 _aRef.stack
041 _aeng
082 _a503
_bHu 83 Di
100 _aHunt, Candida .
245 0 _aIllustrated dictionary of science and volume index A-H /
_cCandida Hunt ed.
_hTextual Documents
250 _a1st ed /
260 _aNew Delhi :
_bS. Chand & Company ,
_cc1994.
300 _a124p. :
_bill ;
_c28cm .
653 _aPure science
942 _2ddc
_cBK
999 _c480
_d480